Manuel d'histoire de Belgique a l'usage des écoles normales et des instituteurs / (Record no. 106594)

MARC details
000 -LEADER
campo de control de longitud fija 00604nam a2200193 i 4500
001 - NÚMERO DE CONTROL
campo de control 106594
003 - IDENTIFICADOR DE NÚMERO DE CONTROL
campo de control ES-MaACL
005 - FECHA Y HORA DE LA ÚLTIMA TRANSACCIÓN
campo de control 20230906184218.0
007 - CAMPO FIJO DE DESCRIPCIÓN FÍSICA--INFORMACIÓN GENERAL
campo de control de longitud fija t|
008 - DATOS DE LONGITUD FIJA--INFORMACIÓN GENERAL
campo de control de longitud fija 061205s1901 be ||||1| fre d
080 ## - NÚMERO DE LA CLASIFICACIÓN DECIMAL UNIVERSAL
Número de la Clasificación Decimal Universal 949.3
100 1# - ENTRADA PRINCIPAL--NOMBRE DE PERSONA
Nombre de persona Sosset, J.
9 (RLIN) 107448
245 10 - MENCIÓN DEL TÍTULO
Título Manuel d'histoire de Belgique a l'usage des écoles normales et des instituteurs /
Mención de responsabilidad, etc. par J. Sosset.
260 ## - PUBLICACIÓN, DISTRIBUCIÓN, ETC.
Lugar de publicación, distribución, etc. Bruxelles :
Nombre del editor, distribuidor, etc. Alfred Castaigne,
Fecha de publicación, distribución, etc. 1901.
300 ## - DESCRIPCIÓN FÍSICA
Extensión XVI, 318 p. ;
Dimensiones 25 cm.
500 ## - NOTA GENERAL
Nota general Biblioteca Jacinto Martínez Lacalle.
651 #4 - PUNTO DE ACCESO ADICIONAL DE MATERIA--NOMBRE GEOGRÁFICO
Nombre geográfico Bélgica-
Subdivisión general Historia.
9 (RLIN) 7873
852 ## - LOCALIZACIÓN
Ubicación ES-MaACL
Número de control de estantería E-11411
Sublocalización o colección R.138947
Holdings
Estatus retirado Estado de pérdida Estado de daño No para préstamo Biblioteca de origen Biblioteca actual Ubicación en estantería Fecha de adquisición Fuente de adquisición Total de préstamos Signatura topográfica completa Código de barras Visto por última vez Precio de reemplazo Tipo de ítem Koha
        Biblioteca del Ateneo de Madrid Biblioteca del Ateneo de Madrid Depósito 2 17/01/2008     E-11411 1111266 23/02/2023 23/02/2023 Libro impreso antiguo